000 01135cam a2200229 4500
001 WB4011-06
008 040318n2004 000 0 eng u
035 _a(Sirsi) u125481
245 _aRetail warehousing performed strongly in 2003
260 _c2004
490 _aFPD Savills Research
_vMarch 2004 (6)
520 _aRetail warehousing was amongst the best performing commercial property sub sectors in 2003 according to FPD Savillls "Retail warehousing quarterly report February 2004". It delivered an average annual return of 15.9% on the IPD monthly index and 16.4% on the IPD annual index. Demand will outstrip supply again in 2004. Rental growth in the sector will slow to around 3.0% Per annum. Further pressure on yields will keep returns to around 10% per annum for 2004-08. The report is available upon free registration at http://www.fpdsavills.co.uk/research.asp.
590 _aWB
590 _aWB
650 _aRETAIL WAREHOUSING
650 _aRETAIL WAREHOUSES
650 _aINVESTMENT RETURNS
650 _aRENTAL GROWTH
650 _aYIELDS
690 _aCOMMERCIAL PROPERTY-INVESTMENT
942 _n0
999 _c117120
_d117120